LEADER 01217nam a2200289 i 4500 001 000000046386 003 CaOOAMICUS 005 20210420151623.0 008 091002s1971 it u000 u ita u 013 $a17556 040 $aSeMil$bita 100 0 $aPaulus VI,$c.$0(OLS)http://semarc/name/803 245 10$aInsegnamenti di Paolo 6., 1963-1970 :$bEncicliche /$cPaulus 6. 264 1$aCittą del Vaticano :$bTipografia Poliglotta Vaticana,$c1971. 300 $a237 p. ;$c25 cm. 650 4$aPaolo VI - Encicliche.$0(OLS)http://semarc/subject/3431 650 4$aPaolo VI - Insegnamenti.$0(OLS)http://semarc/subject/17551 850 $aSeMil 852 $aSeMil$W1$xVenegono$y1$m2A V 275$j12541$B12541$CSeMilBibl$Z2$F12541 $81 900 1 $aMontini, Giovanni Battista,$d<1897-1978>. 900 0 $aPaolo VI$c. 961 $aAcquisto: Casa editrice 996 $6245$aInsegnamenti di Paolo 6., 1963-1970 :$bEncicliche$9(OLS)http://semarc/title/69329 996 $6264$aCittą del Vaticano :$bTipografia Poliglotta Vaticana$9(OLS)http://semarc/publisher/30105 LEADER 00791nam a2200229 i 4500 001 000000087161 003 CaOOAMICUS 005 20250625170707.0 008 180830s1946 xx u000 u und u 013 $a59401 020 $a88-452- 040 $aSeMil$bita 100 1 $aCronin, Archibald Joseph,$d<1896-1981>.$0(OLS)http://semarc/name/17013 245 13$aIl castello del cappellaio. 260 $aMilano :$bBompiani,$c1946. 300 $a587 p. 850 $aSeMil 852 $aSeMil$W1$xVenegono$y1$m86 20 *$j50730$B50730$CSeMilBibl$Z2$F54760 $81 996 $6020$a88-452-$9(OLS)http://semarc/number/67233 996 $6245$aIl castello del cappellaio$9(OLS)http://semarc/title/133278 996 $6260$aMilano :$bBompiani$9(OLS)http://semarc/publisher/29706